UBT Library

Urgings of the heart : (Record no. 41650)

000 -LEADER
fixed length control field 00757cam a2200229 a 4500
001 - CONTROL NUMBER
control field 2561494
005 - DATE AND TIME OF LATEST TRANSACTION
control field 20180202073925.0
008 - FIXED-LENGTH DATA ELEMENTS--GENERAL INFORMATION
fixed length control field 950714s1995 nyu b 001 0 eng
010 ## - LIBRARY OF CONGRESS CONTROL NUMBER
LC control number 95035391
020 ## - INTERNATIONAL STANDARD BOOK NUMBER
International Standard Book Number 080913604X (pbk. : alk. paper)
040 ## - CATALOGING SOURCE
Original cataloging agency DLC
Transcribing agency DLC
Modifying agency DLC
041 ## - LANGUAGE CODE
Language code of text/sound track or separate title eng
080 ## - UNIVERSAL DECIMAL CLASSIFICATION NUMBER
Universal Decimal Classification number 248.482 wik
082 00 - DEWEY DECIMAL CLASSIFICATION NUMBER
Classification number 248.482 wik
Edition number 20
100 1# - Rafti
Rafti 24
101 ## - Shkurtesa
Shkurtesa fil
245 10 - TITLE STATEMENT
Title Urgings of the heart :
Statement of responsibility, etc Wilkie Au and Noreen Cannon.
504 ## - BIBLIOGRAPHY, ETC. NOTE
Bibliography, etc Includes bibliographical references (p. 157-165) and index.
906 ## - LOCAL DATA ELEMENT F, LDF (RLIN)
a 7
b cbc
c orignew
d 1
e ocip
f 19
g y-gencatlg
942 ## - ADDED ENTRY ELEMENTS (KOHA)
Source of classification or shelving scheme
Item type Books
Holdings
Withdrawn status Lost status Source of classification or shelving scheme Damaged status Not for loan Collection code Permanent location Current location Shelving location Date acquired Total Checkouts Full call number Barcode Date last seen Price effective from Koha item type
          Koleksioni i përgjithshem UBT - Lipjan UBT - Lipjan Koleksioni i përgjithshem 02/02/2018   248.482 wik 002-2997522 02/02/2018 02/02/2018 Books
UBT Library © 2015-2024. All rights reserved University Education for Business and Technology